Faculty of Law Library — Cairo University

Official Online Catalog

Immigration law and procedure in a nutshell / (Record no. 64100)

MARC details
000 -LEADER
fixed length control field 01040cam a2200325 i 4500
003 - CONTROL NUMBER IDENTIFIER
control field EG-GICUC
005 - DATE AND TIME OF LATEST TRANSACTION
control field 20260224083045.0
008 - FIXED-LENGTH DATA ELEMENTS--GENERAL INFORMATION
fixed length control field 920609s1992 mnu frb 001 0 eng d
020 ## - INTERNATIONAL STANDARD BOOK NUMBER
International Standard Book Number 031401070X
Qualifying information alk. paper
040 ## - CATALOGING SOURCE
Original cataloging agency DLC
Transcribing agency DLC
Modifying agency DLC
-- EG-GICUC
Language of cataloging eng
Description conventions rda
043 ## - GEOGRAPHIC AREA CODE
Geographic area code n-us---
050 00 - LIBRARY OF CONGRESS CALL NUMBER
Classification number KF4819.3
Item number .W4 1992
082 00 - DEWEY DECIMAL CLASSIFICATION NUMBER
Classification number 341.83
Edition number 21
092 04 - LOCALLY ASSIGNED DEWEY CALL NUMBER (OCLC)
Edition number 21
099 ## - LOCAL FREE-TEXT CALL NUMBER (OCLC)
Classification number Law 12 1992
100 1# - MAIN ENTRY--PERSONAL NAME
Personal name Weissbrodt, David S.
245 10 - TITLE STATEMENT
Title Immigration law and procedure in a nutshell /
Statement of responsibility, etc. by David Weissbrodt.
250 ## - EDITION STATEMENT
Edition statement 3rd edition.
264 ## - PRODUCTION, PUBLICATION, DISTRIBUTION, MANUFACTURE, AND COPYRIGHT NOTICE
Place of production, publication, distribution, manufacture St. Paul, Minn. :
Name of producer, publisher, distributor, manufacturer West Pub. Co.,
Date of production, publication, distribution, manufacture, or copyright notice 1992.
300 ## - PHYSICAL DESCRIPTION
Extent xiv, lxxiii, 497 pages ;
Dimensions 19 cm.
336 ## - CONTENT TYPE
Content type term text
Source rdacontent
337 ## - MEDIA TYPE
Media type term Computer
Source rdamedia
338 ## - CARRIER TYPE
Carrier type term Online Resouce
Source rdacarrier
440 #0 - SERIES STATEMENT/ADDED ENTRY--TITLE
Title Nutshell series
504 ## - BIBLIOGRAPHY, ETC. NOTE
Bibliography, etc. note Includes bibliographical references (p. 462-474) and index.
650 #0 - SUBJECT ADDED ENTRY--TOPICAL TERM
Topical term or geographic name entry element Emigration and immigration law
Geographic subdivision United States.
856 40 - ELECTRONIC LOCATION AND ACCESS
Uniform Resource Identifier <a href="https://fll.law.cu.edu.eg/fulltext/bks/ENGB12-00023.pdf">https://fll.law.cu.edu.eg/fulltext/bks/ENGB12-00023.pdf</a>
905 ## - Cataloger and Reviser Names
Cataloger Name: Hend El khosy
942 ## - ADDED ENTRY ELEMENTS (KOHA)
Source of classification or shelving scheme Dewey Decimal Classification
Koha item type Books
Edition 21
Suppress in OPAC No
Holdings
Withdrawn status Lost status Source of classification or shelving scheme Damaged status Not for loan Collection Home library Current library Date acquired Total checkouts Full call number Barcode Date last seen Copy number Price effective from Koha item type Public note
    Dewey Decimal Classification     القانون الدولي الخاص جــــامعة القــاهرة مكتبة كلية الحقوق - فـرع الشيخ زايد 24.02.2026   Law2 12 341.83 WE . I 3 ed - 1992 1200024 C2 ENGB12-00024 24.02.2026 2 24.02.2026 Books 1281
    Dewey Decimal Classification     القانون الدولي الخاص جــــامعة القــاهرة مكتبة كلية الحقوق - فـرع الشيخ زايد 24.02.2026   Law2 12 341.83 WE . I 3 ed - 1992 1200023 C1 ENGB12-00023 24.02.2026 1 24.02.2026 Books 1280

© All rights reserved — Faculty of Law, Cairo University